<?xml version="1.0" encoding="UTF-8"?>
<record
    xmlns:xsi="http://www.w3.org/2001/XMLSchema-instance"
    xsi:schemaLocation="http://www.loc.gov/MARC21/slim http://www.loc.gov/standards/marcxml/schema/MARC21slim.xsd"
    xmlns="http://www.loc.gov/MARC21/slim">

  <leader>01597nam a22002057a 4500</leader>
  <controlfield tag="003">IT-MiCISF</controlfield>
  <controlfield tag="005">20201001115008.0</controlfield>
  <controlfield tag="008">201001b           ||||| |||| 00| 0 eng d</controlfield>
  <datafield tag="040" ind1=" " ind2=" ">
    <subfield code="c">IT-MiCISF</subfield>
  </datafield>
  <datafield tag="041" ind1=" " ind2=" ">
    <subfield code="a">it</subfield>
  </datafield>
  <datafield tag="100" ind1=" " ind2=" ">
    <subfield code="a">Moia Luciano</subfield>
    <subfield code="9">57408</subfield>
  </datafield>
  <datafield tag="245" ind1=" " ind2=" ">
    <subfield code="a">Chiesa e omosessualit&#xE0;</subfield>
    <subfield code="b">Un'inchiesta alla luce del magistero di papa Francesco</subfield>
  </datafield>
  <datafield tag="260" ind1=" " ind2=" ">
    <subfield code="a">Cinisello B. (MI)</subfield>
    <subfield code="b">San Paolo</subfield>
    <subfield code="c">2020</subfield>
  </datafield>
  <datafield tag="300" ind1=" " ind2=" ">
    <subfield code="a">pp. 206</subfield>
  </datafield>
  <datafield tag="500" ind1=" " ind2=" ">
    <subfield code="a">omosessualit&#xE0;, chiesa, pastorale</subfield>
  </datafield>
  <datafield tag="520" ind1=" " ind2=" ">
    <subfield code="a">A proposito dell'accompagnamento delle persone omosessuali, papa Francesco rivolge alla Chiesa in Amoris laetitia un appello preciso: "... si tratta di assicurare un rispettoso accompagnamento, affinch&#xE9; coloro che manifestano la tendenza omosessuale possano avere gli aiuti necessari per comprendere e realizzare pienamente la volont&#xE0; di Dio nella propria vita- (AL, 250). Con tale obiettivo, questo libro d&#xE0; voce a dieci esperti tra teologi, studiosi di scienze umane e operatori pastorali, con il proposito di definire meglio, per quanto possibile, i confini di questo nuovo approccio pastorale: cos'&#xE8; l'omosessualit&#xE0; per la Chiesa di oggi, chi sono le persone omosessuali, quale conoscenza dei loro sentimenti e della loro esperienza di vita, quale la valutazione morale delle loro scelte, quali gli atteggiamenti e le iniziative concrete per aprire le porte a questi fratelli. Infine: su quali aspetti dobbiamo ancora camminare perch&#xE9; anche in questo campo la Chiesa sia l'esperta in umanit&#xE0; e in amore che vuole essere.</subfield>
  </datafield>
  <datafield tag="650" ind1=" " ind2=" ">
    <subfield code="a">sessualit&#xE0;</subfield>
    <subfield code="9">56091</subfield>
  </datafield>
  <datafield tag="654" ind1=" " ind2=" ">
    <subfield code="a">intervista</subfield>
  </datafield>
  <datafield tag="942" ind1=" " ind2=" ">
    <subfield code="2">ddc</subfield>
    <subfield code="c">BK</subfield>
  </datafield>
  <datafield tag="999" ind1=" " ind2=" ">
    <subfield code="c">358947</subfield>
    <subfield code="d">358947</subfield>
  </datafield>
  <datafield tag="952" ind1=" " ind2=" ">
    <subfield code="0">0</subfield>
    <subfield code="1">0</subfield>
    <subfield code="2">ddc</subfield>
    <subfield code="4">0</subfield>
    <subfield code="6">B_7602_000000000000000</subfield>
    <subfield code="7">1</subfield>
    <subfield code="a">CISF</subfield>
    <subfield code="b">CISF</subfield>
    <subfield code="d">2020-10-01</subfield>
    <subfield code="l">0</subfield>
    <subfield code="o">b7602</subfield>
    <subfield code="p">9788892221420x</subfield>
    <subfield code="r">2020-10-01 00:00:00</subfield>
    <subfield code="w">2020-10-01</subfield>
    <subfield code="y">BK</subfield>
  </datafield>
</record>
